000 02016cam a2200493 4500
001 20785
003 VRT
005 20260203152339.0
008 220509s2020 xo gr 010 f slo
015 _aSNBA2021/04
020 _a9788022022606
_q(viazané)
035 _aurn:nbn:sk:snk-am00gg9q
035 _aurn:nbn:sk:snk-am3j7fr
035 _aBF734629-0C7A-4C00-BCA6-46386C13C80C
039 9 _a202208272031
_bAUTHORITY
_c202205091700
_dVLOAD
_c202204221146
_dVLOAD
_c202104260846
_dmsnk167
040 _aGAGK
_bslo
_cGAGK
_erda
041 1 _aslo
_heng
044 _axo
_cSK
072 7 _a821.111-3
_xAnglická próza, anglicky písaná
_2konspekt
080 _a821.111-31
_22011
080 _a(0:82-312.4)
_22011
100 1 _aHannah, Sophie,
_d1971-
_4aut
240 1 4 _aThe Killings at Kingfisher Hill
_lSlovensky
245 1 0 _aVraždy v Kingfisher Hille
_cSophie Hannahová ; z anglického originálu The Killings at Kingfisher Hill... preložila Barbora Andrezálová
264 1 _aBratislava
_bSlovenský spisovateľ, a.s.
_c2020
300 _a253 strán
_c21 cm
336 _atext
_btxt
_2rdacontent
337 _abez média
_bn
_2rdamedia
338 _azväzok
_bnc
_2rdacarrier
490 1 _aZelená knižnica
500 _aNad názvom uvedené: Agatha Christie ® (so značkou trade mark, nejedná sa o autorskú rolu, vzťahuje sa k literárnej postave Hercula Poirota, vytvorenej Agathou Christie, ktorou bolo dielo Sophie Hannah inšpirované)
500 _aPreložené z angličtiny
655 7 _aanglické romány
_2SNKPH
655 7 _adetektívne romány
_2SNKPH
655 7 _aEnglish fiction
_2SNKPHeng
655 7 _aDetective novels
_2SNKPHeng
700 1 _aAndrezálová, Barbora
_4trl
700 1 _iInšpirované:
_aChristie, Agatha,
_d1890-1976
_tHercule Poirot
830 0 _aZelená knižnica
910 _asnk
942 _2ddc
_cKLDO
_n0
949 _617A1449022
_asnkSC 191582
_bsnk2021/196
_o2228/2020
_s6100:20210217
949 _617A1449023
_asnkSC 191582 D1
_bsnk2021/197
_o2228/2020
999 _c20785
_d20785